=LDR 00000nam 2200000 4500 =001 INLIS000000000036716 =005 20130612142503 =008 ***********************************Ind** =035 ##$$a0010-061300000036716 =041 ##$$a Ind =082 ##$$a 519.4 =090 ##$$a 519.4, Min =245 ##$$a matematika diskrit =260 ##$$b Informatika =300 ##$$a 548 hlm =850 ##$$a NBPNMAT =990 ##$$a 21400613/BPAP-NTB/20142014